000
00271nam a22001217a 4500
040
_c
0
082
_a
808.53
_b
M394 A
100
_a
Muhammad Masood
_9
130461
245
_a
Art of Speech & Debate
260
_a
Lahore
_b
Omer Publishers
300
_a
224p.
942
_2
ddc
_c
BK
999
_c
614652
_d
614652